000 00682nam a2200253Ia 4500
001 10523
005 20240113235225.0
007 ta
008 050804s1985 a g b000 u eng u
040 _aCotton College Assam
041 _aeng
082 _a820
_bCh 36 Li
100 _aChandra, Naresh .
245 0 _aThe Literature of the English Renaissance /
_cNaresh Chandra.
_hTextual Documents
250 _a1st ed /
260 _aDelhi :
_bDOABA House ,
_c1985.
300 _av,388p. :
_b22cm. ;
_c22cm. .
504 _aIndex
653 _aEnglish- Literature
653 _aEnglish Renaissance
942 _2ddc
_cBK
999 _c10510
_d10510